000 00671nam a22002057a 4500
005 20241025155753.0
010 _aENG-142443
020 _a9789357055772
_c430.00
035 _aEN-125975
037 _bDBAD
082 _21
_a509
100 _aChandra, Naveen Kumar
_973508
245 _aScience and Technology/
_cBy Naveen Kumar Chandra
250 _a1
260 _aNoida
_bPearson India Education
_c2024
270 _a15th floor, Tower- B, World Trade Tower, plot No.1, Block -C, Sector-16, Noida,
_bUttar Pradesh
_e201301
300 _avpp.
_c23cm(pb)
500 _aFor UPSC and State Civil State Examination
942 _2ddc
_cEN
_h509
_mCHA
_e1
999 _c206775
_d206775